000 00373nam a22001337a 4500
008 160716b xxu||||| |||| 00| 0 eng d
020 _a0-7382-0242-8
082 _aDC 650 B96 2002
245 _aBusiness:
_bthe ultimate resource.
260 _aCambridge:
_bPerseus Publishing,
_cc2002.
300 _axxxv, 2172 pages;
_c29 cm.
650 0 _911645
_aBusiness.
942 _2ddc
_cDC
999 _c3489
_d3489